[Event "Passau op 6th"]
[Site "Passau"]
[Date "1998.04.11"]
[Round "3"]
[White "Rosinius, Karl"]
[Black "Webersberger, Johann"]
[Result "0-1"]
[WhiteElo "1410"]
[BlackElo "1749"]
[PlyCount "70"]
[EventDate "1998.04.10"]
[EventType "swiss"]
[EventRounds "7"]
[EventCountry "GER"]
[SourceTitle "EXT 1999"]
[Source "ChessBase"]
[SourceDate "1998.11.16"]
[SourceVersion "1"]
[SourceVersionDate "1998.11.16"]
[SourceQuality "1"]

1. d4 Nf6 2. Nf3 d6 3. g3 g6 4. b3 Bg7 5. Bb2 0-0 6. Bg2 Nbd7 7. 0-0 c6 8. Nbd2 Qc7 9. Re1 Re8 10. e4 e5 11. dxe5 Nxe5 12. Bxe5 dxe5 13. Nc4 Bg4 14. Qd6 Qxd6 15. Nxd6 Re7 16. Ng5 Rd8 17. Ndxf7 Rxf7 18. Nxf7 Kxf7 19. f3 Be6 20. Rad1 Rxd1 21. Rxd1 Ke7 22. g4 Nd7 23. Bf1 Nb6 24. a4 a5 25. c4 Bh6 26. Kf2 Nd7 27. Rb1 Kd6 28. b4 axb4 29. Rxb4 b6 30. Rb2 Kc5 31. Ra2 Kb4 32. Ra1 Bf8 33. g5 Bc5+ 34. Kg3 Bd4 35. Bh3 Bxa1 0-1